The minor prophets : (Record no. 12269)

MARC details
000 -LEADER
fixed length control field 00703nam a22002177a 4500
003 - CONTROL NUMBER IDENTIFIER
control field OSt
005 - DATE AND TIME OF LATEST TRANSACTION
control field 20250714094641.0
008 - FIXED-LENGTH DATA ELEMENTS--GENERAL INFORMATION
fixed length control field 250714t2009 |||||||| |||| 00| | eng d
020 ## - INTERNATIONAL STANDARD BOOK NUMBER
International Standard Book Number 978-0-8010-3631-6
040 ## - CATALOGING SOURCE
Transcribing agency JMCFI - Learning Resource Center
082 ## - DEWEY DECIMAL CLASSIFICATION NUMBER
Classification number GR 224.907 M66 2009
245 ## - TITLE STATEMENT
Title The minor prophets :
Remainder of title an exegetical and expository commentary /
260 ## - PUBLICATION, DISTRIBUTION, ETC.
Place of publication, distribution, etc. Michigan :
Name of publisher, distributor, etc. Baker Academic,
Date of publication, distribution, etc. 2009
300 ## - PHYSICAL DESCRIPTION
Extent ix, 1445 pages :
Dimensions 25cm
500 ## - GENERAL NOTE
General note Includes indexes.
650 ## - SUBJECT ADDED ENTRY--TOPICAL TERM
Topical term or geographic name entry element Bible
Form subdivision Minor phophets
9 (RLIN) 38945
650 ## - SUBJECT ADDED ENTRY--TOPICAL TERM
Topical term or geographic name entry element Bible
Form subdivision Minor prophets
General subdivision Commentaries
9 (RLIN) 38946
650 ## - SUBJECT ADDED ENTRY--TOPICAL TERM
Topical term or geographic name entry element Religious biography
9 (RLIN) 38947
700 ## - ADDED ENTRY--PERSONAL NAME
Personal name MCcomiskey, Thomas E.
Relator term editor
9 (RLIN) 38948
942 ## - ADDED ENTRY ELEMENTS (KOHA)
Source of classification or shelving scheme Dewey Decimal Classification
Koha item type Books
Suppress in OPAC No
Holdings
Withdrawn status Lost status Source of classification or shelving scheme Damaged status Not for loan Home library Current library Shelving location Date acquired Total Checkouts Full call number Barcode Date last seen Copy number Price effective from Koha item type
    Dewey Decimal Classification     ACQ College of Ministries LRC ACQ College of Ministries LRC ACQCM - General References 06/21/2011   GR 224.907 M66 2009 3124 07/14/2025 1 07/14/2025 Books